000 00756nam a22002537a 4500
001 4715
003 FISKH
005 20240925095220.0
008 240925b cb ||||| |||| 00| 0 eng d
020 _a0590445529
040 _aFISKH
_beng
_cFISKH
_dFISKH
050 _aPZ7.M1696
082 _2623.91
100 _aMcgraw, Jarvis Eloise
_d(1915–2000)
245 _aThe golden goblet /
_cby Eloise Jarvis Mcgraw
250 _aFirst printing in 1992
260 _aNew York :
_bScholastic,
_c1992.
300 _a248 pages :
_c20cm
520 _aA young Egyptian boy struggles to reveal a hideous crime and reshape his own destiny.
650 _2Fiction
_aMystery
650 _2Juvenile fiction
_aJuvenile fiction
942 _2ddc
_cBK
_n0
999 _c4715
_d4715